al-Marʼah al-ʻArabīyah fī Jāhilīyatihā wa-Islāmihā /
Main Author:
Format: Book
Language: Arabic
Published:
Misr :
Yuṭlabu min Maṭbaʻat al-Maʻārif wa-Maktabatihā,
[1932].
Subjects:
Tags: Add Tag
Call Number: DS215 .A37 v.1-3
| LEADER | 01525nam a2200277Ia 4500 | ||
|---|---|---|---|
| 003 | OSt | ||
| 005 | 20230418101119.0 | ||
| 008 | 130303s1932 ua a 000 0 ara d | ||
| 952 | |0 0 |1 0 |2 lcc |3 V.1 |4 0 |6 DS0215 A37 V.00001-00003 |7 1 |9 47051 |a ARCE |b ARCE |d 2023-04-18 |l 0 |o DS215 .A37 v.1-3 |p 1026575 |r 2023-04-18 00:00:00 |w 2023-04-18 |y BK | ||
| 952 | |0 0 |1 0 |2 lcc |3 V.2 |4 0 |6 DS0215 A37 V.00001-00003 |7 1 |9 63800 |a ARCE |b ARCE |d 2024-03-03 |l 0 |o DS215 .A37 v.1-3 |p 1026576 |r 2024-03-03 00:00:00 |w 2024-03-03 |y BK | ||
| 952 | |0 0 |1 0 |2 lcc |3 V.3 |4 0 |6 DS0215 A37 V.00001-00003 |7 1 |9 63801 |a ARCE |b ARCE |d 2024-03-03 |l 0 |o DS215 .A37 v.1-3 |p 1026577 |r 2024-03-03 00:00:00 |w 2024-03-03 |y BK | ||
| 999 | |c 29833 |d 29833 | ||
| 040 | |c ARCE Library | ||
| 050 | 4 | |a DS215 .A37 v.1-3 | |
| 100 | 1 | |6 880-01 |a ʻAfīfī, ʻAbd Allāh, |e author | |
| 245 | 1 | 3 | |6 880-02 |a al-Marʼah al-ʻArabīyah fī Jāhilīyatihā wa-Islāmihā / |c allafahh ʻAbd Allāh ʻAfīfī. |
| 264 | 1 | |a Misr : |b Yuṭlabu min Maṭbaʻat al-Maʻārif wa-Maktabatihā, |c [1932]. | |
| 300 | |a 3 volumes : |b illustrations ; |c 24 cm. | ||
| 555 | |a Sara.lib | ||
| 650 | 0 | |a Women in literature. | |
| 650 | 0 | |a Women, Arab. | |
| 650 | 0 | |a Women |z Arab countries |x History. | |
| 880 | 1 | |6 100-01/(3/r |a عفيفي، عبد الله. | |
| 880 | 1 | 2 | |6 245-02/(3/r |a المرأة العربية في جاهليتها و إسلامها |c ألفه عبد الله عفيفي |
| 901 | |a reviewed | ||
| 942 | |c BK |2 lcc | ||
